00694nam a2200241 a 4500001001300000003000900013005001700022008004100039020002300080082001700103100001700120245002300137260004400160300000900204500003500213505001500248650002200263700001700285902000800302942000700310952011800317999001700435nice12345678IN_TiNIC20260116014554.0050524s2003 lona grp 000 0 eng  a0199090 c35000a954.092bAND aAndrews, C F aZakaullah of Delhi aLondan bOxford University Press c2003 a112p aincludes index and biblioraphy2 aReferences aBiography-Indians1 aAndrews, C F bSRS cBK 001040708StackRoom-aHMIbHMId2007-04-05g350.00l0o954.092 ANDp020452r2007-04-05v350.00w2005-05-24yBK c16024d16024